000 00551 a2200169 4500
003 Nust
005 20170207154204.0
020 _a0-521-20634-0
040 _cNust
082 0 4 _a421.5
100 1 _aTrim, John
245 0 0 _aEnglish pronunciation illustrated /
_cJohn Trim ; drawings by Peter Kneebone
250 _a2. ed., repr.
260 _aCambridge :
_bCambridge U.P.,
_c1975, pr. 1977
300 _a96 s. :
_bill.
505 _aPower Vowels (Page-14) Diphthongs (Page-34) Consonants (Page-49) Comparing O and Z (Page-66-67) Word Divisions (Page-82-83)
942 _2ddc
_cBK
999 _c194809
_d194809